[Event "POL-ch U18 Girls"]
[Site "Leba"]
[Date "2006.03.29"]
[Round "7"]
[White "Kumorowicz, Katarzyna"]
[Black "Leks, Hanna"]
[Result "0-1"]
[WhiteElo "1955"]
[BlackElo "2203"]
[PlyCount "56"]
[EventDate "2006.03.25"]
[EventType "swiss"]
[EventRounds "11"]
[EventCountry "POL"]
[SourceTitle "CBM 111 Extra"]
[Source "ChessBase"]
[SourceDate "2006.05.09"]
[SourceVersion "1"]
[SourceVersionDate "2006.05.09"]
[SourceQuality "1"]

1. e4 c5 2. c4 Nc6 3. Nc3 g6 4. g3 Bg7 5. Bg2 d6 6. Nge2 e5 7. Rb1 a6 8. a3 Rb8 9. b4 cxb4 10. axb4 b5 11. cxb5 axb5 12. d3 Nge7 13. Be3 Nd4 14. 0-0 0-0 15. Bxd4 exd4 16. Nd5 Nxd5 17. exd5 Bg4 18. Qd2 Rc8 19. Rfc1 Bxe2 20. Qxe2 Rc3 21. Rxc3 dxc3 22. Ra1 Qb6 23. Ra5 Rc8 24. Qc2 Bd4 25. Ra1 Qb7 26. Kf1 Ra8 27. Rxa8+ Qxa8 28. Bf3 Qa3 0-1

[Event "POL-ch U16 Girls"]
[Site "Leba"]
[Date "2004.04.04"]
[Round "11"]
[White "Kumorowicz, Katarzyna"]
[Black "Majdan, Joanna"]
[Result "1/2-1/2"]
[WhiteElo "2015"]
[BlackElo "2190"]
[PlyCount "35"]
[EventDate "2004.03.27"]
[EventType "swiss"]
[EventRounds "11"]
[EventCountry "POL"]
[SourceTitle "EXT 2005"]
[Source "ChessBase"]
[SourceDate "2004.11.15"]
[SourceVersion "1"]
[SourceVersionDate "2004.11.15"]
[SourceQuality "1"]

1. e4 g6 2. d4 Bg7 3. Nc3 d6 4. Be3 Nf6 5. f3 0-0 6. Qd2 Re8 7. 0-0-0 c6 8. g4 b5 9. Kb1 Nbd7 10. Bh6 Bh8 11. h4 Nb6 12. h5 Be6 13. hxg6 fxg6 14. Bg5 Rf8 15. Qh2 Rf7 16. Nce2 Nfd7 17. Nc1 Nf8 18. Qd2 1/2-1/2

[Event "POL-ch U16 Girls"]
[Site "Leba"]
[Date "2004.04.03"]
[Round "10"]
[White "Kumorowicz, Katarzyna"]
[Black "Opalinska, Marta"]
[Result "1-0"]
[WhiteElo "2015"]
[BlackElo "1600"]
[PlyCount "57"]
[EventDate "2004.03.27"]
[EventType "swiss"]
[EventRounds "11"]
[EventCountry "POL"]
[SourceTitle "EXT 2005"]
[Source "ChessBase"]
[SourceDate "2004.11.15"]
[SourceVersion "1"]
[SourceVersionDate "2004.11.15"]
[SourceQuality "1"]

1. e4 e5 2. Nf3 Nc6 3. Bc4 Bc5 4. c3 Nf6 5. d4 exd4 6. 0-0 d5 7. exd5 Nxd5 8. Re1+ Be6 9. Ng5 Nce7 10. Nxe6 fxe6 11. cxd4 Bb4 12. Rxe6 Qd7 13. Qh5+ Kd8 14. Qf7 Re8 15. Bg5 c6 16. a3 Bd6 17. Bxd5 cxd5 18. Nc3 Qc6 19. Bxe7+ Rxe7 20. Qf8+ Qe8 21. Qxe8+ Kxe8 22. Rxd6 Kf7 23. Rxd5 Rae8 24. Kf1 a6 25. f4 g6 26. Re5 Rd8 27. Rxe7+ Kxe7 28. Re1+ Kf6 29. d5 1-0

[Event "POL-ch U16 Girls"]
[Site "Leba"]
[Date "2004.04.01"]
[Round "7"]
[White "Jadanowska, Beata"]
[Black "Kumorowicz, Katarzyna"]
[Result "0-1"]
[WhiteElo "1601"]
[BlackElo "2015"]
[PlyCount "108"]
[EventDate "2004.03.27"]
[EventType "swiss"]
[EventRounds "11"]
[EventCountry "POL"]
[SourceTitle "EXT 2005"]
[Source "ChessBase"]
[SourceDate "2004.11.15"]
[SourceVersion "1"]
[SourceVersionDate "2004.11.15"]
[SourceQuality "1"]

1. d4 Nf6 2. c4 g6 3. Nf3 Bg7 4. Nc3 d6 5. Bg5 0-0 6. e3 c5 7. Be2 cxd4 8. exd4 h6 9. Bh4 Bg4 10. h3 Bxf3 11. Bxf3 Nc6 12. 0-0 Nd7 13. Bxc6 bxc6 14. Re1 Re8 15. Qd2 a5 16. d5 Ne5 17. Qe2 g5 18. Bg3 cxd5 19. Nxd5 e6 20. Ne3 Qb6 21. Rad1 f5 22. f4 Nf7 23. Kh1 Rad8 24. b3 Bd4 25. Nc2 Bf6 26. Bf2 Qc7 27. Qh5 Kg7 28. Nd4 Qd7 29. Be3 gxf4 30. Bf2 Ne5 31. Nb5 Qf7 32. Qxf7+ Nxf7 33. Bb6 Rd7 34. Nc7 Rxc7 35. Bxc7 Bc3 36. Rf1 Ng5 37. Bxd6 e5 38. Kh2 Ne4 39. c5 Bd4 40. Bc7 Bxc5 41. Bxa5 Be3 42. Rd7+ Kf6 43. Rfd1 Rc8 44. Rc7 Rg8 45. Rdd7 Ng3 46. Rc6+ Kg5 47. Rd1 Ra8 48. b4 Ra7 49. Bd8+ Kh5 50. Bf6 Rd7 51. Rb1 e4 52. b5 Rd2 53. Bg7 f3 54. Rb2 Nf1+ 0-1

[Event "POL-ch U16 Girls"]
[Site "Leba"]
[Date "2004.03.28"]
[Round "2"]
[White "Kumorowicz, Katarzyna"]
[Black "Kozlowska, Matylda"]
[Result "0-1"]
[WhiteElo "2015"]
[BlackElo "1800"]
[PlyCount "94"]
[EventDate "2004.03.27"]
[EventType "swiss"]
[EventRounds "11"]
[EventCountry "POL"]
[SourceTitle "EXT 2005"]
[Source "ChessBase"]
[SourceDate "2004.11.15"]
[SourceVersion "1"]
[SourceVersionDate "2004.11.15"]
[SourceQuality "1"]

1. e4 e5 2. Nf3 Nc6 3. Bc4 d6 4. c3 Bg4 5. Qb3 Qd7 6. Ng5 Bh5 7. Bxf7+ Bxf7 8. Nxf7 Na5 9. Qd5 Qxf7 10. Qxa5 Qc4 11. Qd5 Qxd5 12. exd5 Nf6 13. c4 g6 14. Nc3 Bg7 15. 0-0 0-0 16. d3 a6 17. Re1 Rae8 18. Ne4 h6 19. Rb1 g5 20. Nxf6+ Rxf6 21. b4 Ref8 22. Be3 b6 23. a4 Rb8 24. Rec1 Rb7 25. c5 b5 26. a5 Kh7 27. Rc2 Bf8 28. Rbc1 Kg6 29. cxd6 Bxd6 30. Rc6 Bxb4 31. Rxf6+ Kxf6 32. Rc6+ Bd6 33. Rxa6 b4 34. Bc5 b3 35. Bxd6 cxd6 36. Rxd6+ Ke7 37. Rxh6 Kd8 38. Rd6+ Kc7 39. Rc6+ Kd7 40. Rc1 b2 41. Rb1 Rc7 42. g3 Rc1+ 43. Rxc1 bxc1Q+ 44. Kg2 Qa3 45. h4 gxh4 46. gxh4 Qxa5 47. Kg3 Qxd5 0-1

[Event "POL-ch U16 Girls"]
[Site "Krynica"]
[Date "2003.??.??"]
[Round "5"]
[White "Kumorowicz, Katarzyna"]
[Black "Kobak, Weronika"]
[Result "1-0"]
[WhiteElo "1800"]
[BlackElo "1800"]
[PlyCount "61"]
[EventDate "2003.??.??"]
[EventType "swiss"]
[EventRounds "11"]
[EventCountry "POL"]
[SourceTitle "EXT 2007"]
[Source "ChessBase"]
[SourceDate "2006.11.23"]
[SourceVersion "1"]
[SourceVersionDate "2006.11.23"]
[SourceQuality "1"]

1. e4 c5 2. Nc3 Nc6 3. Nf3 e6 4. d4 cxd4 5. Nxd4 Nf6 6. Ndb5 d6 7. Bf4 a6 8. Nxd6+ Bxd6 9. Qxd6 Qb6 10. Qa3 Ng4 11. Bg3 Nd4 12. 0-0-0 Nc6 13. Rd2 Qb4 14. Qxb4 Nxb4 15. a3 Nc6 16. Be2 Nf6 17. Bd6 b5 18. Rhd1 Bb7 19. f3 h5 20. e5 Nd7 21. f4 g5 22. Bc7 Bc8 23. Ne4 Ra7 24. Rxd7 Bxd7 25. Nf6+ Kf8 26. Rxd7 g4 27. c4 bxc4 28. Bxc4 Ra8 29. Bxe6 fxe6 30. Bd6+ Ne7 31. Rxe7 1-0

[Event "POL-ch U16 Girls"]
[Site "Krynica"]
[Date "2003.??.??"]
[Round "9"]
[White "Rant, Izabela"]
[Black "Kumorowicz, Katarzyna"]
[Result "1/2-1/2"]
[WhiteElo "1900"]
[BlackElo "1800"]
[PlyCount "62"]
[EventDate "2003.??.??"]
[EventType "swiss"]
[EventRounds "11"]
[EventCountry "POL"]
[SourceTitle "EXT 2007"]
[Source "ChessBase"]
[SourceDate "2006.11.23"]
[SourceVersion "1"]
[SourceVersionDate "2006.11.23"]
[SourceQuality "1"]

1. c4 Nf6 2. Nf3 g6 3. g3 Bg7 4. d4 d6 5. Bg2 0-0 6. 0-0 Nbd7 7. Nc3 e5 8. e3 Ne8 9. Rb1 a5 10. Ne1 f5 11. Nc2 c6 12. a3 Nc7 13. b4 axb4 14. axb4 Ne6 15. d5 cxd5 16. Nxd5 Nb6 17. Na3 Kh8 18. Nc3 e4 19. Qb3 Nc7 20. Nab5 Nxb5 21. Nxb5 Be6 22. Na3 Qc7 23. Bb2 Nxc4 24. Bxg7+ Kxg7 25. Nxc4 Qxc4 26. Qb2+ Kg8 27. Rbc1 Ra2 28. Qb1 Qb3 29. Qxb3 Bxb3 30. Rc7 b5 31. Rb1 Bc4 1/2-1/2

[Event "POL-chT2 South U19"]
[Site "Rudnik"]
[Date "2000.??.??"]
[Round "6.6"]
[White "Kumorowicz, Katarzyna"]
[Black "Koziel, Magdalena"]
[Result "1-0"]
[WhiteElo "1600"]
[BlackElo "1600"]
[PlyCount "43"]
[EventDate "2000.07.20"]
[EventType "team-swiss"]
[EventRounds "10"]
[EventCountry "POL"]
[SourceTitle "EXT 2005"]
[Source "ChessBase"]
[SourceDate "2004.11.15"]
[SourceVersion "1"]
[SourceVersionDate "2004.11.15"]
[SourceQuality "1"]
[WhiteTeam "Piekary Slaskie U19"]
[BlackTeam "Rybnik MKSz U19 II"]
[WhiteTeamCountry "POL"]
[BlackTeamCountry "POL"]

1. e4 e5 2. Nf3 Nc6 3. Bc4 Bc5 4. Nc3 Nf6 5. d3 h6 6. 0-0 d6 7. h3 0-0 8. Be3 Bb6 9. Qd2 Kh7 10. Rad1 Na5 11. Bb3 Nxb3 12. axb3 Re8 13. Bxb6 axb6 14. Rfe1 Bd7 15. d4 exd4 16. Nxd4 Ra5 17. Nf3 Bc6 18. Qd3 Re7 19. e5+ Ne4 20. Nxe4 Rd5 21. Nf6+ Kh8 22. Qh7# 1-0